[Event "36th World Junior Girls"]
[Site "Manavgat TUR"]
[Date "2018.09.15"]
[Round "11.31"]
[White "Dwilewicz, Katarzyna"]
[Black "Celik, Eda"]
[Result "1/2-1/2"]
[WhiteTitle "WFM"]
[WhiteElo "2081"]
[BlackElo "1970"]
[WhiteFideId "1148486"]
[BlackFideId "6351727"]
[EventDate "2018.09.05"]

1. e4 e5 2. Nf3 Nc6 3. Bb5 a6 4. Ba4 Nf6 5. O-O Be7 6. d3 b5 7. Bb3 d6 8. c3 O-O
9. Re1 Na5 10. Bc2 c5 11. Nbd2 Nc6 12. h3 Re8 13. Nf1 Bf8 14. Bg5 h6 15. Bh4 g5
16. Bg3 Bg7 17. a4 Rb8 18. axb5 axb5 19. Qd2 Nh5 20. Bh2 Nf4 21. Ne3 Be6 22. Nf5
Bxf5 23. exf5 Qc8 24. d4 cxd4 25. cxd4 b4 26. Rac1 b3 27. Bb1 Qa6 28. dxe5 dxe5
29. Bxf4 gxf4 30. Qd6 Rbc8 31. f6 Red8 32. Qc5 Bxf6 33. Bf5 Rc7 34. Nxe5 Bxe5
35. Rxe5 Nxe5 36. Qxc7 Re8 37. Qc3 Qf6 38. Bb1 f3 39. g3 Qe6 40. Kh2 Qb6 41. Qc5
Qa6 42. Bf5 Qf6 43. Be4 Ng4+ 44. hxg4 Rxe4 45. Rc3 Re2 46. Rxb3 Rxb2 47. Rd3 Re2
48. Rb3 Kg7 49. Rb8 Re6 50. Qf8+ Kg6 51. Rb5 Qg7 52. Qc5 Qf6 53. Qf5+ Kg7 54.
Rb3 Qxf5 55. gxf5 Re5 56. Rxf3 Kf6 57. g4 Kg5 58. Rg3 Re2 59. Kg2 Kh4 60. Kf3
Ra2 61. Kg2 Re2 62. Kf1 Re4 63. Rb3 Rxg4 64. Rb7 f6 65. Rh7 Kg5 66. Ke2 Rh4 67.
Kf3 Rf4+ 68. Kg3 Rxf5 69. f4+ Rxf4 70. Rxh6 Rg4+ 71. Kf3 f5 72. Rh8 Rb4 73. Rg8+
Kf6 74. Rf8+ Ke6 75. Re8+ Kf7 76. Ra8 Ke6 77. Re8+ Kd5 78. Rf8 Ke5 79. Re8+ 1/2-1/2

[Event "36th World Junior Girls"]
[Site "Manavgat TUR"]
[Date "2018.09.15"]
[Round "11.32"]
[White "Malatsilava, Volha"]
[Black "Nassr, Lina"]
[Result "1-0"]
[BlackTitle "WIM"]
[WhiteElo "2040"]
[BlackElo "1854"]
[WhiteFideId "13508512"]
[BlackFideId "7908075"]
[EventDate "2018.09.05"]

1. e4 c5 2. Nf3 e6 3. d4 cxd4 4. Nxd4 Nf6 5. Nc3 Nc6 6. Ndb5 Bb4 7. a3 Bxc3+ 8.
Nxc3 d5 9. exd5 exd5 10. Bf4 O-O 11. Be2 d4 12. Nb5 Nd5 13. Bg3 Qb6 14. O-O a6
15. c4 dxc3 16. Nxc3 Nxc3 17. bxc3 Qb2 18. Qd3 Rd8 19. Qf3 Bf5 20. Bc4 Qc2 21.
Rfe1 Bg6 22. Bd5 Qd3 23. Bxc6 bxc6 24. Qxc6 Rdc8 25. Bc7 Qb5 26. Qf3 h6 27. Be5
Re8 28. h4 Rad8 29. Bd4 h5 30. Qg3 Qd3 31. Qc7 Qd2 32. Re5 Kh7 33. Rg5 Qd3 34.
Rg3 Qf5 35. a4 Qd7 36. Qa5 Qc6 37. Rg5 Rd7 38. f4 Kg8 39. Rf1 f5 40. Rf3 Re1+
41. Kh2 Re6 42. Rfg3 Kh7 43. Qb4 Qd6 44. Qb3 Qd5 45. Qa3 Qd6 46. Qc1 Qd5 47. Qb2
Qd6 48. Be5 Qb6 49. Qc2 Qc6 50. c4 Kg8 51. c5 Kh7 52. Qb3 Rb7 53. Qc4 a5 54. Rb3
Rxb3 55. Qxb3 Re7 56. Qb5 Qxb5 57. axb5 Rb7 58. b6 a4 59. Bd4 a3 60. c6 Rb8 61.
c7 Rxb6 62. Bxb6 1-0

[Event "36th World Junior Girls"]
[Site "Manavgat TUR"]
[Date "2018.09.15"]
[Round "11.33"]
[White "Caballero Quijano, Mitzy Mishell"]
[Black "Sade, Defne"]
[Result "1/2-1/2"]
[WhiteTitle "WIM"]
[BlackTitle "WCM"]
[WhiteElo "2034"]
[BlackElo "1826"]
[WhiteFideId "3807223"]
[BlackFideId "6371884"]
[EventDate "2018.09.05"]

1. Nf3 d5 2. g3 Nf6 3. Bg2 Bf5 4. O-O e6 5. d3 Be7 6. c4 O-O 7. Qb3 b6 8. Nc3 c6
9. Bf4 Bd6 10. Bxd6 Qxd6 11. Rfe1 d4 12. Na4 Nbd7 13. c5 bxc5 14. Rac1 Rab8 15.
Qa3 Rb5 16. Nd2 Nd5 17. Nb3 Nb4 18. Naxc5 Nxc5 19. Rxc5 Rxc5 20. Qxb4 Rd5 21.
Qa4 Rb5 22. Rc1 Rfb8 23. Rxc6 Qb4 24. Qxb4 Rxb4 25. Ra6 h6 26. Rxa7 Rc8 27. f4
Rc2 28. Bf3 Rxb2 29. Ra8+ Kh7 30. Rd8 Rxa2 31. Nxd4 g5 32. Nxf5 exf5 33. fxg5
hxg5 34. Kf2 g4 35. Bd5 Ra7 36. Bc4 Re7 37. Rd5 Kg6 38. Rc5 Rb1 39. d4 Rh1 40.
Kg2 Rd1 41. Re5 Rxe5 42. dxe5 Rd4 43. Bd3 Rd5 44. h3 gxh3+ 45. Kxh3 Kg5 46. Kg2
Rxe5 47. Kf3 Ra5 48. Bc4 f6 49. e3 Ra4 50. Bd3 Ra3 51. Bc2 Rc3 52. Bb1 Rc1 53.
Bd3 Rd1 54. Be2 Rd2 55. Bc4 Rb2 56. Bd3 Rb4 57. Be2 Ra4 58. Bd3 Ra3 59. Bc2 Rc3
60. Bb1 Rb3 61. Bc2 Rb5 62. Bd3 Ra5 63. Bc4 Kg6 64. Bb3 Ra3 65. Be6 Ra4 66. Bd5
Ra1 67. Bc4 Rc1 68. Bd3 Rc3 69. Bb5 Kf7 70. Bd7 Kg6 71. Bb5 Rb3 72. Bc4 Rb4 73.
Bd3 Rb3 74. Bc4 Rc3 1/2-1/2

[Event "36th World Junior Girls"]
[Site "Manavgat TUR"]
[Date "2018.09.15"]
[Round "11.34"]
[White "Yang, Yijing"]
[Black "Catal, Uktenur"]
[Result "1-0"]
[WhiteTitle "WCM"]
[WhiteElo "2018"]
[BlackElo "1809"]
[WhiteFideId "8608601"]
[BlackFideId "34504290"]
[EventDate "2018.09.05"]

1. d4 e6 2. c4 d5 3. Nf3 c5 4. cxd5 exd5 5. Nc3 Nc6 6. dxc5 d4 7. Na4 Bxc5 8.
Nxc5 Qa5+ 9. Qd2 Qxc5 10. a3 a5 11. b4 Qc3 12. Qxc3 dxc3 13. b5 Nce7 14. e4 Nf6
15. Bd3 O-O 16. Be3 Ng6 17. Nd4 Re8 18. f3 Nd5 19. Kf2 Nxe3 20. Kxe3 Bd7 21.
Rhc1 Rac8 22. a4 Rc7 23. Ra3 Rec8 24. Ne2 c2 25. Ra2 Kf8 26. Raxc2 Rxc2 27. Rxc2
Ke7 28. Rxc8 Bxc8 29. f4 Kd6 30. Kd4 Nh4 31. e5+ Kc7 32. Be4 Nf5+ 33. Kd3 Kb6
34. Nd4 Nxd4 35. Kxd4 Bg4 36. Bxh7 Bd1 37. Bg8 Bb3 38. Kc3 Bxa4 39. Bxf7 Kc5 40.
Bc4 Bxb5 41. Bxb5 Kxb5 42. f5 Kc5 43. f6 gxf6 44. exf6 Kd6 45. g4 Ke6 46. g5 Kf7
47. h4 Kg6 48. h5+ Kf7 49. h6 Kg6 50. Kc4 a4 51. Kb4 b5 52. Ka3 1-0

[Event "36th World Junior Girls"]
[Site "Manavgat TUR"]
[Date "2018.09.15"]
[Round "11.35"]
[White "Anacoglu, Cisel"]
[Black "Nastase, Andreea-Cristina"]
[Result "1-0"]
[WhiteElo "1791"]
[BlackElo "1983"]
[WhiteFideId "34573631"]
[BlackFideId "1221183"]
[EventDate "2018.09.05"]

1. e4 c5 2. Nf3 d6 3. Bb5+ Nd7 4. O-O Nf6 5. Re1 a6 6. Bd3 b5 7. c4 g5 8. Nxg5
Ne5 9. Bf1 h6 10. Nf3 Bg4 11. cxb5 Rg8 12. Kh1 c4 13. bxa6 Qb6 14. d4 cxd3 15.
Qa4+ Bd7 16. Qd4 Qa5 17. Qc3 Neg4 18. Kg1 Qb6 19. Qd4 Qxa6 20. Qxd3 Qa5 21. Nc3
Ne5 22. Nxe5 Qxe5 23. Nd5 Nxd5 24. Qxd5 Qxd5 25. exd5 Ra5 26. Bc4 Rg4 27. Bd2
Rc5 28. b3 Bg7 29. Rac1 Rc8 30. f3 Bd4+ 31. Be3 1-0

[Event "36th World Junior Girls"]
[Site "Manavgat TUR"]
[Date "2018.09.15"]
[Round "11.36"]
[White "Nemcova, Karin"]
[Black "Aksoy, Ayca"]
[Result "1-0"]
[WhiteElo "1990"]
[BlackElo "1898"]
[WhiteFideId "360821"]
[BlackFideId "6355978"]
[EventDate "2018.09.05"]

1. e4 c5 2. Nf3 e6 3. d4 cxd4 4. Nxd4 Qc7 5. Nc3 a6 6. Bd3 Nf6 7. O-O Be7 8. Kh1
d6 9. f4 b5 10. e5 dxe5 11. fxe5 Qxe5 12. Bf4 Qc5 13. Qf3 Nd5 14. Nb3 Qb6 15.
Nxd5 exd5 16. Bxb8 O-O 17. Be5 Bb7 18. Qh5 g6 19. Qh6 f6 20. Bxg6 hxg6 21. Qxg6+
Kh8 22. Rf5 1-0

[Event "36th World Junior Girls"]
[Site "Manavgat TUR"]
[Date "2018.09.15"]
[Round "11.37"]
[White "Duran, Esma Doga"]
[Black "Heydarova, Aytaj"]
[Result "1-0"]
[WhiteTitle "WFM"]
[WhiteElo "1825"]
[BlackElo "1948"]
[WhiteFideId "6390196"]
[BlackFideId "13409999"]
[EventDate "2018.09.05"]

1. d4 Nf6 2. c4 e6 3. Nf3 Bb4+ 4. Bd2 a5 5. g3 O-O 6. Bg2 d5 7. Qb3 Bxd2+ 8.
Nbxd2 b6 9. O-O Ba6 10. Rfe1 Nc6 11. Rad1 Ne4 12. Nxe4 dxe4 13. d5 exf3 14. dxc6
Qg5 15. Bxf3 Qc5 16. Rc1 Rad8 17. Qc2 Rd4 18. b3 Bc8 19. Red1 e5 20. e3 Rxd1+
21. Rxd1 f5 22. Bd5+ Kh8 23. Qb2 Qe7 24. f4 exf4 25. exf4 Re8 26. Qf2 Qb4 27.
Kf1 a4 28. Qd2 Qc5 29. Re1 Rf8 30. Qe3 1-0

[Event "36th World Junior Girls"]
[Site "Manavgat TUR"]
[Date "2018.09.15"]
[Round "11.38"]
[White "Aydin, Gulenay"]
[Black "Hereklioglu, Sude"]
[Result "1/2-1/2"]
[WhiteTitle "WCM"]
[BlackTitle "WFM"]
[WhiteElo "1882"]
[BlackElo "1930"]
[WhiteFideId "34557431"]
[BlackFideId "6359531"]
[EventDate "2018.09.05"]

1. e4 c5 2. Nf3 e6 3. c3 d5 4. exd5 Qxd5 5. d4 Nf6 6. Bd3 cxd4 7. cxd4 Bb4+ 8.
Nc3 O-O 9. O-O Bxc3 10. bxc3 b6 11. Bg5 Nbd7 12. Re1 Bb7 13. Qe2 Rac8 14. c4 Qd6
15. Rad1 h6 16. Bh4 Qf4 17. Bg3 Qg4 18. h3 Bxf3 19. Qxf3 Qxf3 20. gxf3 Nb8 21.
a3 Nc6 22. Bf1 Rfd8 23. Be5 Nd7 24. Bf4 Na5 25. Rc1 Nb8 26. d5 Nb3 27. Rcd1 Nc5
28. h4 Nba6 29. Bh3 Nc7 30. Kg2 Kf8 31. Re3 a6 32. Rde1 b5 33. Bxc7 Rxc7 34.
dxe6 fxe6 35. cxb5 axb5 36. Bxe6 Nxe6 37. Rxe6 Ra7 38. R6e5 Rb8 39. Rb1 Rxa3 40.
Rbxb5 Rxb5 41. Rxb5 g6 42. Rb7 Kg8 43. f4 Rc3 44. f3 Rc2+ 45. Kg3 Ra2 46. f5
gxf5 47. h5 f4+ 48. Kxf4 Ra5 49. Kg4 Rg5+ 50. Kh4 Rf5 51. Rb6 Kh7 52. Rb3 Kg7 1/2-1/2

[Event "36th World Junior Girls"]
[Site "Manavgat TUR"]
[Date "2018.09.15"]
[Round "11.39"]
[White "Koo, Wei Xin Rosamund"]
[Black "Can, Isil"]
[Result "1-0"]
[BlackTitle "WCM"]
[WhiteElo "1918"]
[BlackElo "1798"]
[WhiteFideId "5713684"]
[BlackFideId "34505733"]
[EventDate "2018.09.05"]

1. d4 d5 2. c4 c6 3. Nf3 Nf6 4. Qc2 e6 5. g3 dxc4 6. Qxc4 Nbd7 7. Bg2 Be7 8. O-O
O-O 9. Nc3 Nb6 10. Qb3 Nbd5 11. Qc2 b6 12. a3 Bb7 13. e4 Nxc3 14. bxc3 c5 15. e5
Nd7 16. Ng5 Bxg5 17. Bxb7 Rb8 18. Be4 g6 19. Bxg5 Qxg5 20. f4 Qe7 21. Qa4 a5 22.
Bc6 Rfd8 23. Rfd1 Rbc8 24. Qb5 Nb8 25. Be4 Nd7 26. d5 exd5 27. Bxd5 Rb8 28. a4
Nf8 29. Qc4 Rd7 30. Rd3 Kg7 31. Rad1 Rbd8 32. Qb5 f6 33. exf6+ Qxf6 34. Qb2 Rd6
35. Qe2 Ne6 36. c4 Nd4 37. Qf2 Re8 38. Re1 Rdd8 39. Rde3 Rxe3 40. Qxe3 Nf5 41.
Qe6 Qxe6 42. Rxe6 Rd6 43. Re8 h5 44. Kg2 Rd7 45. Kf3 Ne7 46. Ke4 Nxd5 47. cxd5
Kf7 48. Rb8 Re7+ 49. Kd3 Rd7 50. Kc4 Rd6 51. Rc8 h4 52. Rc6 hxg3 53. hxg3 Ke7
54. Rxd6 Kxd6 55. g4 Kd7 56. g5 Ke7 57. f5 gxf5 58. g6 f4 59. d6+ Kxd6 60. g7 f3
61. g8=Q f2 62. Qg3+ 1-0

[Event "36th World Junior Girls"]
[Site "Manavgat TUR"]
[Date "2018.09.15"]
[Round "11.40"]
[White "Ince, Safiye Oyku"]
[Black "Yorgun, Yaren Naz"]
[Result "1/2-1/2"]
[WhiteTitle "WCM"]
[WhiteElo "1905"]
[BlackElo "1751"]
[WhiteFideId "6391222"]
[BlackFideId "6361021"]
[EventDate "2018.09.05"]

1. e4 e6 2. d4 d5 3. Nc3 Nf6 4. Bg5 Be7 5. e5 Nfd7 6. h4 Nc6 7. Bxe7 Qxe7 8. Qg4
f6 9. Nb5 Nf8 10. exf6 gxf6 11. Qh5+ Ng6 12. Bd3 Rg8 13. Ne2 a6 14. Nbc3 Bd7 15.
Qf3 O-O-O 16. h5 Nf8 17. a3 Kb8 18. O-O-O Bc8 19. Rh4 Nd7 20. Ng3 Nb6 21. Bf1 e5
22. Nge2 Qg7 23. g3 Bg4 24. Qh1 Qh6+ 25. f4 e4 26. b3 f5 27. Bh3 Bf3 28. Bg2 Bg4
29. Rf1 Qd6 30. Kb2 Na5 31. Ra1 c5 32. Qg1 Bxe2 33. Nxe2 c4 34. b4 Na4+ 35. Ka2
Nc6 36. Qe3 a5 37. c3 axb4 38. axb4 Kc7 39. Kb1 Ra8 40. Kc2 Nb6 41. Rhh1 Qh6 42.
Kb2 Na4+ 43. Kc2 Nb6 44. Kb2 Na4+ 1/2-1/2

[Event "36th World Junior Girls"]
[Site "Manavgat TUR"]
[Date "2018.09.15"]
[Round "11.41"]
[White "Bail, Ellen Larissa"]
[Black "Santeramo, Alessia"]
[Result "0-1"]
[BlackTitle "WFM"]
[WhiteElo "1832"]
[BlackElo "2124"]
[WhiteFideId "2142171"]
[BlackFideId "850810"]
[EventDate "2018.09.05"]

1. Nf3 Nf6 2. g3 e6 3. Bg2 d5 4. O-O c5 5. d4 Nc6 6. b3 b6 7. Bb2 Bb7 8. Na3
cxd4 9. Nxd4 Bc5 10. Nxc6 Bxc6 11. c4 O-O 12. Rc1 Qe7 13. cxd5 Bxd5 14. Nc4 Rfd8
15. Qc2 Rac8 16. Qb1 Bxg2 17. Kxg2 Nd5 18. Rfd1 Qg5 19. Qe4 Qg6 20. Qf3 f6 21.
Rd2 b5 22. e4 Ne3+ 23. Nxe3 Rxd2 24. Ba3 Qg5 25. Qg4 Qg6 26. Qf3 Qg5 27. Qg4
Rxf2+ 28. Kh1 Qe5 29. Rxc5 Rxc5 30. Bxc5 Qxc5 31. Qxe6+ Kf8 32. Kg1 Rd2 0-1

[Event "36th World Junior Girls"]
[Site "Manavgat TUR"]
[Date "2018.09.15"]
[Round "11.42"]
[White "Caxita, Esperanca"]
[Black "Ayan, Bengu Sena"]
[Result "0-1"]
[WhiteTitle "WIM"]
[BlackTitle "WFM"]
[WhiteElo "1803"]
[BlackElo "1976"]
[WhiteFideId "10100903"]
[BlackFideId "6346120"]
[EventDate "2018.09.05"]

1. e4 e6 2. d4 d5 3. e5 c5 4. c3 Qb6 5. Nf3 Nc6 6. Bd3 cxd4 7. cxd4 Bd7 8. Bc2
Nb4 9. Nc3 Nxc2+ 10. Qxc2 Ne7 11. O-O Nf5 12. Rd1 Rc8 13. a3 Be7 14. Rb1 a5 15.
Qd3 a4 16. Bf4 h6 17. h3 O-O 18. Qd2 Qd8 19. Rbc1 f6 20. Bh2 fxe5 21. Nxe5 Be8
22. Qe2 Bf6 23. Rd3 Bb5 24. Rcd1 Nxd4 25. Qg4 Bxd3 26. Rxd3 Nf5 27. Qxa4 Qe8 28.
Qg4 d4 29. Ne2 Bxe5 30. Bxe5 Qb5 31. Qe4 Qxb2 32. Ng3 Rc1+ 33. Kh2 Qxf2 34. Nxf5
Qg1+ 35. Kg3 Rxf5 36. Bxd4 Rg5+ 37. Kh4 Qe1+ 38. Qxe1 Rxe1 39. g4 Rd5 40. Re3
Rxe3 41. Bxe3 Rd3 42. Bc5 Kf7 0-1

[Event "36th World Junior Girls"]
[Site "Manavgat TUR"]
[Date "2018.09.15"]
[Round "11.43"]
[White "Aubert, Laurane"]
[Black "Tian, Shi Yuan"]
[Result "1-0"]
[WhiteElo "1970"]
[BlackElo "1923"]
[WhiteFideId "20690371"]
[BlackFideId "2623960"]
[EventDate "2018.09.05"]

1. e4 e6 2. d4 d5 3. e5 c5 4. c3 Nc6 5. Nf3 Bd7 6. a3 f6 7. Bd3 fxe5 8. dxe5 Qc7
9. Qe2 Nge7 10. O-O c4 11. Bc2 g6 12. Re1 Bg7 13. Nbd2 b5 14. b3 O-O 15. a4 a6
16. Ba3 Rfe8 17. Bd6 Qc8 18. g4 Na5 19. Qe3 Nb7 20. Ba3 cxb3 21. Nxb3 bxa4 22.
Nbd4 Nc6 23. h4 Nxd4 24. Nxd4 Na5 25. Qg3 Nc4 26. Bc1 Rf8 27. h5 Qe8 28. Kg2
Nxe5 29. Rxe5 Bxe5 30. Qxe5 Qf7 31. f3 Qg7 32. Qg5 e5 33. Ne2 gxh5 34. Qxh5 Qf7
35. Qg5+ Qg7 36. Qh5 Qf7 37. Qg5+ Qg7 38. Qh4 e4 39. fxe4 Bxg4 40. Ng3 Bf3+ 41.
Kh2 Bxe4 42. Nxe4 Qe5+ 43. Kh1 dxe4 44. Be3 Qf6 45. Rg1+ Kf7 46. Qh5+ Ke6 47.
Bxe4 Qe5 48. Qg4+ Rf5 49. Re1 Kf6 50. Bd4 Rh5+ 51. Qxh5 1-0

[Event "36th World Junior Girls"]
[Site "Manavgat TUR"]
[Date "2018.09.15"]
[Round "11.44"]
[White "Vujcic, Milena"]
[Black "Gur, Tuba"]
[Result "1-0"]
[WhiteElo "1955"]
[BlackElo "1724"]
[WhiteFideId "954748"]
[BlackFideId "34553495"]
[EventDate "2018.09.05"]

1. Nf3 d5 2. g3 g6 3. Bg2 Bg7 4. O-O e5 5. d3 Ne7 6. e4 O-O 7. Nc3 dxe4 8. dxe4
Bg4 9. h3 Be6 10. Be3 Nbc6 11. Qxd8 Rfxd8 12. Rfd1 a6 13. Ng5 Nd4 14. Nxe6 fxe6
15. Rd2 Nec6 16. a3 Rd6 17. Kf1 Na5 18. Bxd4 exd4 19. Nd1 d3 20. Rc1 Bh6 21. f4
e5 22. Rxd3 exf4 23. Rxd6 cxd6 24. gxf4 Bxf4 25. Rb1 Nc4 26. Ke2 Rc8 27. c3 Nd2
28. Ra1 Nb3 29. Rb1 Nc1+ 30. Ke1 Re8 31. Nf2 Rf8 32. Nd1 h5 33. b4 Rc8 34. b5
Nd3+ 35. Ke2 Nc1+ 36. Ke1 a5 37. b6 Rc5 38. Kf1 Re5 39. c4 Nd3 40. Ke2 Nc1+ 41.
Kf3 Bh6 42. Ne3 Nd3 43. Rd1 Nc5 44. Rxd6 Nxe4 45. Rxg6+ Kh7 46. Rxh6+ Kxh6 47.
Kf4 Re6 48. Nf5+ Kg6 49. Bxe4 Rxb6 50. Nd6+ Kf6 51. Nxb7 Rb3 52. Nxa5 Rxa3 53.
Nb7 Rxh3 54. c5 Rh4+ 55. Ke3 Ke5 56. Nd6 Rh3+ 57. Bf3 Rh2 58. Nc4+ Ke6 59. c6
Ra2 60. Bxh5 Rh2 61. Bf3 Rh7 62. Kd4 Ke7 63. Kc5 Kd8 64. Kb6 Rg7 65. Nd6 Re7 66.
Bg4 Rg7 67. Bf5 Ke7 68. c7 Rg8 69. Ne4 Rf8 70. Kb7 Rh8 71. c8=Q Rxc8 72. Kxc8
Kf7 73. Kd7 Kg7 74. Ke7 Kh8 75. Kf6 Kg8 76. Nc5 Kh8 77. Ne6 Kg8 78. Nf4 Kh8 79.
Ng6+ Kg8 80. Be6+ Kh7 81. Bf7 Kh6 82. Bg8 Kh5 83. Ne5 Kh6 84. Ng4+ Kh5 85. Kf5
Kh4 86. Kf4 Kh5 87. Bf7+ Kh4 88. Bg6 Kh3 89. Ne3 Kh2 90. Bf5 Kg1 91. Kg3 Kh1 92.
Bd3 Kg1 93. Nf5 Kh1 94. Nd4 Kg1 95. Nf3+ Kh1 96. Ne1 Kg1 97. Be2 Kh1 98. Bf1 Kg1
99. Bh3 1-0

[Event "36th World Junior Girls"]
[Site "Manavgat TUR"]
[Date "2018.09.15"]
[Round "11.45"]
[White "Kyrkjebo, Hanna B."]
[Black "Incecik, Seyma Zeynep"]
[Result "1/2-1/2"]
[WhiteElo "1947"]
[BlackElo "1716"]
[WhiteFideId "1511599"]
[BlackFideId "6374948"]
[EventDate "2018.09.05"]

1. e4 d5 2. exd5 Qxd5 3. Nc3 Qa5 4. d4 Nf6 5. Bc4 Bf5 6. Bd2 c6 7. Qe2 Qc7 8.
Nf3 Nbd7 9. O-O Nb6 10. Bb3 e6 11. Rfe1 Bd6 12. Ne5 O-O 13. Bf4 Nbd5 14. Nxd5
exd5 15. c3 Rae8 16. Qd1 Ng4 17. Nxg4 Rxe1+ 18. Qxe1 Bxf4 19. h3 h5 20. Ne5 Re8
21. Qd1 Bxe5 22. dxe5 Bg6 23. f4 Qb6+ 24. Qd4 Qxd4+ 25. cxd4 Bf5 26. Kf2 Kf8 27.
Bd1 g6 28. g4 hxg4 29. hxg4 Be4 30. Bf3 Bxf3 31. Kxf3 b6 32. Rc1 Rc8 33. b4 Ke7
34. a4 Kd7 35. f5 gxf5 36. gxf5 Rh8 37. Rg1 Rh4 38. Rg7 Ke8 39. Rg8+ Kd7 40. Ke3
Rh3+ 41. Kf4 c5 42. bxc5 bxc5 43. dxc5 Ra3 44. Rb8 Rxa4+ 45. Kg5 Ra6 46. Rb7+
Ke8 47. f6 d4 48. Re7+ Kd8 49. Rxf7 d3 50. Rf8+ Kd7 51. Rh8 d2 52. Rh1 Ke6 53.
Kf4 Rc6 54. Ke3 Rxc5 55. Kxd2 Rxe5 56. Rf1 Kf7 57. Ra1 a5 58. Rf1 1/2-1/2

[Event "36th World Junior Girls"]
[Site "Manavgat TUR"]
[Date "2018.09.15"]
[Round "11.46"]
[White "Huttl, Sofie"]
[Black "Rousseau, Christilla"]
[Result "1/2-1/2"]
[WhiteElo "1727"]
[BlackElo "1677"]
[WhiteFideId "236730"]
[BlackFideId "251801"]
[EventDate "2018.09.05"]

1. c4 e5 2. g3 Nf6 3. Bg2 c6 4. Nf3 Qc7 5. O-O Be7 6. b3 d5 7. cxd5 cxd5 8. Bb2
Nc6 9. d4 e4 10. Ne5 O-O 11. Nxc6 Qxc6 12. Nc3 Be6 13. Rc1 Qd7 14. e3 Rac8 15.
Ne2 Bh3 16. Nf4 Bxg2 17. Kxg2 a6 18. Qd2 Rxc1 19. Rxc1 Rc8 20. Rxc8+ Qxc8 21.
Qc3 Qxc3 22. Bxc3 Bd6 23. Kf1 Kf8 24. Ke2 Ke7 25. Ke1 Bxf4 26. gxf4 Ke6 27. h3
Nd7 28. Ke2 f5 29. f3 Nf6 30. Ba5 g6 1/2-1/2

[Event "36th World Junior Girls"]
[Site "Manavgat TUR"]
[Date "2018.09.15"]
[Round "11.47"]
[White "Kyrkjebo, Marte B."]
[Black "Koljevic, Nikolina"]
[Result "1/2-1/2"]
[WhiteElo "1935"]
[BlackElo "1898"]
[WhiteFideId "1511602"]
[BlackFideId "16503945"]
[EventDate "2018.09.05"]

1. e4 c5 2. Nf3 Nc6 3. Bb5 e6 4. O-O Nge7 5. Re1 a6 6. Bf1 Ng6 7. d3 Be7 8. g3
O-O 9. Bg2 b5 10. h4 Nge5 11. Nxe5 Nxe5 12. f4 Nc6 13. Be3 Bb7 14. Nd2 Qc7 15.
c3 Rfd8 16. Bf2 d5 17. e5 a5 18. a3 c4 19. d4 b4 20. Qg4 Qc8 21. h5 Bf8 22. Nf3
Qd7 23. Nh4 g6 24. hxg6 hxg6 25. Be3 Rdb8 26. Kf2 Bc8 27. a4 bxc3 28. bxc3 Rb2+
29. Re2 Rab8 30. Ra2 Rxa2 31. Rxa2 Rb3 32. Bd2 Ba3 33. Rc2 Ne7 34. Bf3 Qxa4 35.
Bd1 Qb5 36. Nf3 Rb2 37. Ng5 Qd7 38. Qh3 Nc6 39. Qh7+ Kf8 40. Qh8+ Ke7 41. Qf6+ 1/2-1/2

[Event "36th World Junior Girls"]
[Site "Manavgat TUR"]
[Date "2018.09.15"]
[Round "11.48"]
[White "Esti, Kubra Selenay"]
[Black "Anandpara, Jayendra Saloni"]
[Result "1-0"]
[WhiteElo "1662"]
[BlackElo "1326"]
[WhiteFideId "6358187"]
[BlackFideId "6002200"]
[EventDate "2018.09.05"]

1. d4 Nf6 2. Bf4 e6 3. e3 Be7 4. c3 c5 5. Nf3 b6 6. Bd3 Nh5 7. Bg3 Bb7 8. Nbd2
d6 9. a4 a6 10. Qe2 Nxg3 11. hxg3 h6 12. Nf1 d5 13. g4 c4 14. Bc2 Nc6 15. e4 O-O
16. Ng3 dxe4 17. Qxe4 f5 18. Qxe6+ Kh8 19. Nxf5 Bg5 20. Nxh6 Qe7 21. Nf7+ Kg8
22. Bh7# 1-0